1762 1970 1941 1344 1992 1458 1301 1255 1029 1664 1254 1190 1737 1950 1006 1069 1124 1855 1423 1545 1393 1506 1669 1459 1889 1231 1946 1280 1314 1180 1225 1087 1289 1415 1141 1127 1963 1228 1395 1329 1810 1425 1983 1438 1936 1617 1869 1511 1646 1871 1887 1321 1631 1480 1236 1309 1370 1803 1440 1649 1860 1537 1970 1887 1976 1403 1756 1711 1273 1413 1000 1556 1456 1723 1599 1271 1638 1186 1858 1222 1831 1695 1349 1974 1596 1132 1107 1967 1046 1459 1061 1103 1540 1306 1364 1229 1154 1782 1329 BCNSPRNW ULIB Ver.6.0+V

เปลี่ยนเป็นภาษาไทย

Change to English
 แสดงรายละเอียดบรรณานุกรม
  กลับหน้าหลัก

Brief Record : Get Marc (ISO 2709) : E-mail record : QR code < ปิดหน้าต่าง
LEADER : 00000nam 2200000uu 4500
001    13399111836
003     ULIB
008    110627s2552||||th 000 0 tha d
020    9789749935583
090    นว.^bภ478ต 2552
100 0  ภาวิน
245 00 ตะวันฉายในม่านเมฆ/^cภาวิน
250    พิมพ์ครั้งที่ 1
260    กรุงเทพฯ :^bอรุณ,^c2552
300    344 หน้า
945    ^p229^l0^i028080
995    ทศพร
999 ^a ใช้งานได้ทุกระบบ
รายการนี้ยังไม่มีแท็ก
คุณยังไม่ได้ล็อกอิน คุณสามารถมีกิจกรรมร่วมกับเว็บไซต์ได้ แต่ต้องล็อกอินก่อน ::
  ล็อกอิน

รายการสื่อสารสนเทศ

ลำดับที่ ประเภท เลขเรียก/บาร์โค้ด สถานที่ สถานะ
- ไม่พบข้อมูล -

รายการใกล้เคียง
    ผู้แต่ง [ภาวิน]

BibComment


ยังไม่เคยถูกคอมเมนท์

คอมเมนท์ทรัพยากรรายการนี้
  คอมเมนท์: ตะวันฉายในม่านเมฆ..


 Copyright 2026. Bcnsprnw @Library